000 00298nam a22001337a 4500
008 171018b xxu||||| |||| 00| 0 eng d
020 _a9789928400413
041 _aALB
080 _a338
100 _a53
101 _aMEN
245 _aMENAXHIMI I CILESIS TOTALE
_cQEFALIA.A
942 _2udc
_cBK
999 _c34596
_d34596